000 00268nam a22001217a 4500
008 181207b xxu||||| |||| 00| 0 eng d
041 _aeng
080 _a591
100 _a7
101 _aZOO
245 _aThere is No Zoo in Zoology
_cElster, Ch. H
942 _2udc
_cBK
999 _c53077
_d53077